Pays sans littoral - Text quiz - Statistiques

Statistiques générales
  • Ce quiz a été pris 54 fois
  • Le résultat moyen est 35 sur 44
Statistiques - réponses
Superficie Pays % Correct
2 724 900 km2 Kazakhstan
94%
93 028 km2 Hongrie
92%
30 355 km2 Lesotho
92%
1 564 100 km2 Mongolie
90%
1 098 581 km2 Bolivie
88%
160 km2 Liechtenstein
88%
25 713 km2 Macédoine
88%
1 240 192 km2 Mali
88%
78 867 km2 République tchèque
88%
49 035 km2 Slovaquie
88%
468 km2 Andorre
86%
2 586 km2 Luxembourg
86%
1 267 000 km2 Niger
86%
447 400 km2 Ouzbékistan
86%
88 361 km2 Serbie
86%
0,44 km2 Vatican
86%
207 600 km2 Biélorussie
84%
17 364 km2 Eswatini
84%
406 752 km2 Paraguay
84%
61 km2 Saint-Marin
84%
619 745 km2 Soudan du Sud
84%
647 500 km2 Afghanistan
82%
83 871 km2 Autriche
82%
199 951 km2 Kirghizistan
82%
41 284 km2 Suisse
82%
488 100 km2 Turkménistan
80%
622 984 km2 République centrafricaine
78%
1 284 000 km2 Tchad
78%
29 743 km2 Arménie
76%
33 846 km2 Moldavie
76%
147 181 km2 Népal
76%
143 100 km2 Tadjikistan
73%
582 000 km2 Botswana
71%
26 338 km2 Rwanda
71%
38 394 km2 Bhoutan
69%
274 222 km2 Burkina Faso
69%
752 612 km2 Zambie
69%
390 757 km2 Zimbabwe
69%
1 104 300 km2 Éthiopie
67%
118 484 km2 Malawi
67%
86 600 km2 Azerbaïdjan
65%
27 834 km2 Burundi
63%
241 038 km2 Ouganda
61%
236 800 km2 Laos
57%
Aucun quiz correspondant
Distribution des résultats
% des personnes avec chaque résultat
Percentile par nombre de réponses
Votre historique - résultats
Vous n’avez pas pris ce quiz